Visualizzazione normale
Vista MARC
- Roussos A.V.
di Personal Name
Records bibliografici associati: 1
001 - CONTROL NUMBER
- control field: 9845
003 - CONTROL NUMBER IDENTIFIER
- control field: IT-RoPau
005 - DATE AND TIME OF LATEST TRANSACTION
- control field: 20140120223655.0
008 - FIXED-LENGTH DATA ELEMENTS
- fixed length control field: 140120|| aca||aabn | a|a d
040 ## - CATALOGING SOURCE
- Original cataloging agency: IT-RoPau
- Transcribing agency: IT-RoPau
100 ## - HEADING--PERSONAL NAME
- Personal name: Roussos A.V.
- Relator term: Autore
- Miscellaneous information: Codice autore SPICS: 15573
- Name of part/section of a work: We Shall Dance
670 ## - SOURCE DATA FOUND
- Source citation: Work cat.: (IT-RoPau)103846: AA.VV. 794, Franck Pourcel e la sua grande orchestra-Una orchestra nella sera n. 19